MAUS : (Registro nro. 36975)

Detalles MARC
000 -CABECERA
Longitud fija campo de control 00703nam a2200193 4500
003 - • IDENTIFICADOR DELl NÚMERO DE CONTROL
Identificador del número de control CO-ViMGA
020 ## - • NÚMERO INTERNACIONAL NORMALIZADO PARA LIBROS
Número Internacional Normalizado para Libros (ISBN) 9789585833906
040 ## - FUENTE DE LA CATALOGACIÓN
Centro catalogador de origen CO-ViMGA
Lengua de catalogación spa
Centro transcriptor CO-ViMGA
082 04 - • NÚMERO DE LA CLASIFICACIÓN DECIMAL DEWEY
Número de clasificación (R) 741.5973
Número del ítem S755m
100 1# - • PUNTO DE ACCESO PRINCIPAL-NOMBRE DE PERSONA
Nombre de persona Spiegelman, Art
Fechas asociadas al nombre 1948-
245 10 - • TITULO PROPIAMENTE DICHO
Título MAUS :
Resto del título relato de un superviviente /
Mención de responsabilidad, etc. Art Spiegelman ; traducción Cruz Rodríguez
300 ## - • DESCRIPCIÓN FÍSICA
Extensión 295 p. :
Otras características físicas il.
650 14 - • PUNTO DE ACCESO ADICIONAL DE MATERIA - TÉRMINO DE MATERIA
Término de materia o nombre geográfico como elemento inicial Holocausto judio
Subdivisión de forma Tiras cómicas, historietas, etc
Subdivisión cronológica 1939-1945
650 14 - • PUNTO DE ACCESO ADICIONAL DE MATERIA - TÉRMINO DE MATERIA
Término de materia o nombre geográfico como elemento inicial Novela grafica
650 14 - • PUNTO DE ACCESO ADICIONAL DE MATERIA - TÉRMINO DE MATERIA
Término de materia o nombre geográfico como elemento inicial Persecuciones de los judíos
Subdivisión de forma Tiras cómicas, historietas, etc
700 1# - • PUNTO DE ACCESO ADICIONAL - NOMBRE DE PERSONA
Nombre de persona Rodríguez, Cruz,
Término indicativo de función tr.
942 ## - ENTRADA DE ELEMENTOS AGREGADOS (KOHA)
Fuente de clasificaión o esquema Dewey Decimal Classification
Koha [por defecto] tipo de item LIbro
Existencias
Perdido Fuente de clasificación o esquema Estado Físico No para préstamo Forma de adquisición Localización permanente Localización actual Fecha adquisición Coste, precio normal de compra Préstamos totales Signatura completa Código de barras Fecha última consulta Fecha del precio de reemplazo Tipo de item de Koha Renovaciones totales Prestado Fecha último préstamo Localización en estanterías Número de copia Note pública Fuente de adquisición
        Sala General Biblioteca Pública Departamental Eduardo Carranza - Villavicencio Biblioteca Pública Departamental Eduardo Carranza - Villavicencio 01/04/2019   2 741.5 S64m ECA27149 04/27/2026 11/25/2024 LIbro 1 05/25/2026 04/27/2026 General Ej.1 20113 | 25915  
  Dewey Decimal Classification     Sala Especializada Tercer Piso Biblioteca Pública Germán Arciniegas - Villavicencio Biblioteca Pública Germán Arciniegas - Villavicencio 02/28/2018 58000.00   741.5973 S755m 031301 02/28/2018 02/28/2018 LIbro              
  Dewey Decimal Classification     Sala Especializada Tercer Piso Biblioteca Pública Germán Arciniegas - Villavicencio Biblioteca Pública Germán Arciniegas - Villavicencio 02/28/2018 58000.00 2 741.5973 S755m 331300 02/27/2026 05/04/2018 LIbro 1 03/09/2026 02/27/2026        
  Dewey Decimal Classification     Literatura General Biblioteca Pública Granada - Boca del Monte Biblioteca Pública Granada - Boca del Monte 04/09/2026     H-RES GRDA05352 04/09/2026 04/09/2026 LIbro       Literatura Ej.1   Biblioteca Nacional de Colombia
  Dewey Decimal Classification     Colección General Biblioteca Pública Mapiripan - Jorge Eliecer Gaitán Biblioteca Pública Mapiripan - Jorge Eliecer Gaitán 06/09/2025     NG SPI6 MPJG00285 06/09/2025 06/09/2025 LIbro       Literatura Ej.1    
  Dewey Decimal Classification     Colección General Biblioteca Pública Medellin del Ariari - El Castillo Biblioteca Pública Medellin del Ariari - El Castillo 11/09/2024     SPIG Ej.1 BM000272 11/09/2024 11/09/2024 LIbro       Literatura Ej.1    









Instituto Departamental de Cultura del Meta - Red Departamental de Bibliotecas Públicas del Meta.